header

Inside poverty and development in Africa (Record no. 240766)

MARC details
000 -LEADER
fixed length control field 01370nam a2200337 a 4500
245 00 - TITLE STATEMENT
Title Inside poverty and development in Africa
260 ## - PUBLICATION, DISTRIBUTION, ETC. (IMPRINT)
Place of publication Leiden [Netherlands] ;
-- Boston :
Name of publisher Brill,
Year of publication 2008.
300 ## - PHYSICAL DESCRIPTION
Number of Pages x, 306 p. :
Other physical details ill.,maps.
490 1# - SERIES STATEMENT
Series statement African dynamics,
650 #0 - SUBJECT ADDED ENTRY--TOPICAL TERM
Topical Term Poverty
Topical Term Community development.
700 1# - ADDED ENTRY--PERSONAL NAME
Personal name Rutten, Marcel.
Personal name Leliveld, Andre.
856 40 - ELECTRONIC LOCATION AND ACCESS
Uniform Resource Identifier http://site.ebrary.com/lib/rucke/Doc?id=10461244

No items available.

© 2026 Rongo University
Contact us: librarian | system librarian | Rongo university